000 00492nam a2200169Ia 4500
008 151213s9999 xx 000 0 und d
020 _a984-508-351-x
082 _a310.5492
_b310.5492
100 _aBangladesh Bureou of Statistics
245 _aCensus Agriculture 1996
_cBangladesh Bureou of Statistics
260 _aDhaka
_bB B S
_c1999
300 _a6388 p.
650 _aReference
650 _aStatistics Report : Reference
700 _aBangladesh Bureou of Statistics
999 _c3522
_d3522